000 00340nab a22001097u 4500
008 130520b2001 xxu||||| |||| 00| 0 spa d
041 _aspa
100 1 _aPower, David N.
_947380
245 0 0 _aLa experiencia de Dios en la Liturgia cristiana
_cDavid N. Power
773 0 _tConcilium
_gnº289,2001,págs. 11-18
_x0210-1041
_wRev134
942 _cAR
999 _c356105
_d356105